[Event "Pan American-ch School U15 12th"]
[Site "Callao"]
[Date "2023.10.20"]
[Round "8"]
[White "Ponciano Madueno, Sebastian Miguel"]
[Black "Valer Vega, Gadiel Fabian"]
[Result "1-0"]
[WhiteElo "1028"]
[BlackElo "1037"]
[PlyCount "56"]
[EventDate "2023.10.16"]
[EventType "swiss"]
[EventRounds "9"]
[EventCountry "PER"]
[SourceTitle "Mega2024 Update 01"]
[Source "Chessbase"]
[SourceDate "2023.11.12"]
[SourceVersion "1"]
[SourceVersionDate "2023.11.12"]
[SourceQuality "1"]

1. d4 d5 2. Nf3 e6 3. Bf4 c5 4. c3 Qb6 5. Qc2 cxd4 6. cxd4 Bb4+ 7. Nbd2 Nf6 8. e3 Ne4 9. a3 Qa5 10. Qxc8+ Qd8 11. Qxd8+ Kxd8 12. Rd1 Bd6 13. Bxd6 Nxd6 14. Bd3 g6 15. e4 dxe4 16. Nxe4 Ne8 17. Ne5 Ke7 18. 0-0 Ng7 19. Ng5 f6 20. Rc1 fxe5 21. Rc7+ Kf6 22. Ne4+ Kf5 23. Rf7+ Kg4 24. Be2+ Kh4 25. Rxg7 Nc6 26. dxe5 Nxe5 27. Rxb7 h6 28. f4 Nc6 1-0

[Event "Pan American-ch School U15 12th"]
[Site "Callao"]
[Date "2023.10.19"]
[Round "7"]
[White "Uchasara Apolinario, Josue Yoni"]
[Black "Ponciano Madueno, Sebastian Miguel"]
[Result "1-0"]
[WhiteElo "1295"]
[BlackElo "1028"]
[PlyCount "119"]
[EventDate "2023.10.16"]
[EventType "swiss"]
[EventRounds "9"]
[EventCountry "PER"]
[SourceTitle "Mega2024 Update 01"]
[Source "Chessbase"]
[SourceDate "2023.11.12"]
[SourceVersion "1"]
[SourceVersionDate "2023.11.12"]
[SourceQuality "1"]

1. e4 c6 2. d4 d5 3. exd5 cxd5 4. c4 Nf6 5. Nc3 Bf5 6. Qb3 Nc6 7. cxd5 Nxd4 8. Qa4+ b5 9. Qxd4 Qa5 10. Bxb5+ Nd7 11. Nge2 e6 12. Qa4 Qxa4 13. Bxa4 Bb4 14. dxe6 Bxe6 15. Bd2 0-0 16. a3 Bxc3 17. Nxc3 Nc5 18. Bc2 Bb3 19. 0-0-0 Rab8 20. Be3 Ne6 21. Bxa7 Bxc2 22. Kxc2 Rb7 23. Be3 h6 24. a4 Nd8 25. a5 Nc6 26. Bb6 Ra8 27. Ra1 Ra6 28. Nd5 Ra8 29. Rhd1 Rc8 30. Kb1 Ne5 31. a6 Rd7 32. a7 Ra8 33. Nf6+ gxf6 34. Rxd7 Nxd7 35. Be3 Ne5 36. Bxh6 Kh7 37. Be3 Nc4 38. b3 Ne5 39. Kb2 Kg8 40. Ra5 Kf8 41. h4 Nd3+ 42. Kc3 Ne1 43. Rb5 Kg7 44. g3 Rc8+ 45. Kd2 Nf3+ 46. Ke2 Ng1+ 47. Kf1 Nf3 48. Rb8 Rxb8 49. axb8Q Nh2+ 50. Kg2 Ng4 51. Qf4 Nh6 52. Qxh6+ Kg8 53. Qxf6 Kf8 54. b4 Ke8 55. b5 Kd7 56. Qc6+ Ke7 57. Bc5+ Kd8 58. b6 f5 59. Qc7+ Ke8 60. Qe7# 1-0

[Event "Pan American-ch School U15 12th"]
[Site "Callao"]
[Date "2023.10.17"]
[Round "3"]
[White "Deudor Pablo, Jhordy Edisson"]
[Black "Ponciano Madueno, Sebastian Miguel"]
[Result "1-0"]
[WhiteElo "1134"]
[BlackElo "1028"]
[PlyCount "34"]
[EventDate "2023.10.16"]
[EventType "swiss"]
[EventRounds "9"]
[EventCountry "PER"]
[SourceTitle "Mega2024 Update 01"]
[Source "Chessbase"]
[SourceDate "2023.11.12"]
[SourceVersion "1"]
[SourceVersionDate "2023.11.12"]
[SourceQuality "1"]

1. e4 c6 2. d4 d5 3. Nc3 Nd7 4. exd5 cxd5 5. Nxd5 Ngf6 6. Nxf6+ Nxf6 7. Nf3 Bg4 8. h3 Bxf3 9. Qxf3 Qxd4 10. Qxb7 Rd8 11. Be3 Qe4 12. Bb5+ Nd7 13. Qxe4 e6 14. 0-0-0 Be7 15. Bxd7+ Rxd7 16. Qa8+ Bd8 17. Rxd7 Kxd7 1-0